Land vs. Land #63 - Statistiken

Allgemein
  • Dieses Quiz wurde 30 mal gespielt
  • Das Durchschnittsergebnis liegt bei 13 aus 14
Antwortstatistiken
Frage Antwort % Korrekt
...Einwohner? Deutschland🇩🇪
100%
...Bruttoinlandsprodukt? Deutschland🇩🇪
100%
...Bruttoinlandsprodukt pro Kopf? Deutschland🇩🇪
96%
...Tourismus? Deutschland🇩🇪
96%
...Gesundheitswesen? Deutschland🇩🇪
96%
...durchschnittlicher IQ? Deutschland🇩🇪
96%
...Gewinner? Deutschland🇩🇪
96%
...Militär? Deutschland🇩🇪
93%
...Frieden? Deutschland🇩🇪
93%
...Lebenserwartung? Deutschland🇩🇪
93%
...Exportmengen? Deutschland🇩🇪
93%
...HDI (Human Development Index)? Deutschland🇩🇪
89%
...Fläche? Deutschland🇩🇪
86%
...Happy Planet Index? Deutschland🇩🇪
86%
Keine übereinstimmenden Quizze gefunden
Verteilung der Resultate
Anzahl Personen mit jedem Resultat
Perzentil nach korrekt beantworteten Fragen
Ihre Resultats-Entwicklung
Sie haben dieses Quiz noch nicht gespielt